[Event "Quebec op"]
[Site "Montreal CAN"]
[Date "2012.07.27"]
[Round "8"]
[White "Luo, Zhao Yang"]
[Black "Auger, Bertrand"]
[Result "1/2-1/2"]
[WhiteElo "2042"]
[BlackElo "1928"]
[PlyCount "74"]
[GameId "2160767909442190"]
[EventDate "2012.07.21"]
[EventType "swiss"]
[EventRounds "9"]
[EventCountry "CAN"]
[SourceTitle "hb 2012"]

1. d4 e6 2. Nf3 Nf6 3. e3 b6 4. Bd3 Bb7 5. O-O c5 6. b3 Nc6 7. Bb2 Nb4 8. Be2 Be7 9. a3 Nc6 10. c4 cxd4 11. exd4 d5 12. Bd3 O-O 13. Nbd2 Rc8 14. Ne5 Nxe5 15. dxe5 Ne4 16. Bxe4 dxe4 17. Re1 f5 18. exf6 Bxf6 19. Qc2 Bd4 20. Re2 Qf6 21. Bxd4 Qxd4 22. Rae1 Rxf2 23. Rxf2 e3 24. Nf3 exf2+ 25. Qxf2 Qf6 26. Ne5 Qxf2+ 27. Kxf2 Rd8 28. Nf3 Rd6 29. Ke3 h6 30. g3 Bxf3 31. Kxf3 Rd2 32. Rxe6 Rxh2 33. Re3 Ra2 34. a4 Kf7 35. Ke4 Ke6 36. Kf4+ Kf6 37. Rd3 Ke6 1/2-1/2

[Event "Quebec op"]
[Site "Montreal CAN"]
[Date "2012.07.27"]
[Round "8"]
[White "Nardone, Raul"]
[Black "Barre, Michel"]
[Result "0-1"]
[WhiteElo "1870"]
[BlackElo "1882"]
[PlyCount "50"]
[GameId "2160767909442191"]
[EventDate "2012.07.21"]
[EventType "swiss"]
[EventRounds "9"]
[EventCountry "CAN"]
[SourceTitle "hb 2012"]

1. d4 e6 2. c4 Nf6 3. Nf3 d5 4. g3 dxc4 5. Qa4+ Nbd7 6. Qxc4 a6 7. Bg2 b5 8. Qc6 Rb8 9. O-O Bb7 10. Qc2 c5 11. dxc5 Bxc5 12. Nc3 O-O 13. Bg5 Qb6 14. Bxf6 Nxf6 15. Ng5 Rbc8 16. Bxb7 Qxb7 17. Qb3 h6 18. Nf3 Rfd8 19. Rad1 Qa7 20. Kg2 b4 21. Rxd8+ Rxd8 22. Nd1 Ne4 23. e3 Bd6 24. g4 Qb7 25. Kg1 Nc5 0-1

[Event "Quebec op"]
[Site "Montreal CAN"]
[Date "2012.07.27"]
[Round "8"]
[White "Naroditsky, Daniel"]
[Black "Hansen, Eric"]
[Result "1-0"]
[WhiteElo "2486"]
[BlackElo "2460"]
[PlyCount "97"]
[GameId "2160767909442192"]
[EventDate "2012.07.21"]
[EventType "swiss"]
[EventRounds "9"]
[EventCountry "CAN"]
[SourceTitle "CBM 149 Extra"]
[Source "ChessBase"]
[SourceDate "2012.08.24"]
[SourceVersion "1"]
[SourceVersionDate "2012.08.24"]
[SourceQuality "1"]

1. e4 c5 2. Nf3 e6 3. d4 cxd4 4. Nxd4 a6 5. c4 Nf6 6. Nc3 Bb4 7. Qf3 d6 8. Nc2 Ba5 9. b4 Bc7 10. Bb2 Nc6 11. Be2 O-O 12. Rd1 Qe7 13. O-O Rb8 14. Qe3 b6 15. Kh1 Bb7 16. f4 Rbd8 17. Bf3 Ba8 18. Qe1 Rfe8 19. a3 Qf8 20. Ne3 Ne7 21. Qf2 Ng6 22. g3 Rb8 23. a4 Qe7 24. h4 a5 25. Qg2 axb4 26. Nb5 Rbc8 27. h5 Nf8 28. h6 g6 29. e5 dxe5 30. Bxa8 exf4 31. Bxf6 Qxf6 32. Ng4 Qg5 33. Nxc7 Rxc7 34. Rxf4 f5 35. Ne3 e5 36. Bd5+ Kh8 37. Qf2 Qxh6+ 38. Rh4 Qg5 39. Rb1 Nd7 40. Rxb4 Nc5 41. Rxb6 Nd3 42. Qg1 f4 43. Nf1 Rf8 44. Rh2 fxg3 45. Nxg3 Qf4 46. Rxg6 e4 47. Qd4+ Ne5 48. Rf2 Qc1+ 49. Nf1 1-0

[Event "Quebec op"]
[Site "Montreal CAN"]
[Date "2012.07.27"]
[Round "8"]
[White "Noritsyn, Nikolay"]
[Black "Sambuev, Bator"]
[Result "0-1"]
[WhiteElo "2460"]
[BlackElo "2542"]
[PlyCount "120"]
[GameId "2160767909442193"]
[EventDate "2012.07.21"]
[EventType "swiss"]
[EventRounds "9"]
[EventCountry "CAN"]
[SourceTitle "CBM 149 Extra"]
[Source "ChessBase"]
[SourceDate "2012.08.24"]
[SourceVersion "1"]
[SourceVersionDate "2012.08.24"]
[SourceQuality "1"]

1. e4 e6 2. d4 d5 3. Nc3 Bb4 4. exd5 exd5 5. Qf3 Nc6 6. Bb5 Nge7 7. a3 Bxc3+ 8. Qxc3 O-O 9. Ne2 Nf5 10. Bf4 Re8 11. O-O Bd7 12. Rfe1 Re6 13. Qc5 Nce7 14. Bd3 Rc6 15. Qa5 Nd6 16. Ng3 Be6 17. b3 Ng6 18. Be3 f5 19. f3 f4 20. Bxg6 fxg3 21. Bd3 Nf5 22. hxg3 Nxg3 23. Bf2 Nh5 24. Qd2 Qf6 25. Re5 Nf4 26. Rae1 Rf8 27. Bg3 Nxd3 28. Qxd3 a6 29. Qe3 Bf7 30. c4 h6 31. c5 Qg6 32. Bh4 Qc2 33. Re2 Qb1+ 34. Kh2 b6 35. b4 bxc5 36. bxc5 Qg6 37. Qf4 Rb8 38. Rf5 Be6 39. Rfe5 Rb3 40. Bg3 Rxa3 41. Rb2 Kh7 42. Qf8 Qf6 43. Qe8 Bf7 44. Qd7 Qg6 45. Qf5 Ra4 46. Rd2 Qxf5 47. Rxf5 Kg6 48. Rf4 h5 49. Rh4 a5 50. Be5 Be6 51. Kg3 Ra1 52. Rb2 a4 53. Rb7 a3 54. Ra7 a2 55. Kf4 Kh6 56. Rh2 g5+ 57. Kg3 Bc8 58. f4 h4+ 59. Kf2 Ba6 60. fxg5+ Kxg5 0-1

[Event "Quebec op"]
[Site "Montreal CAN"]
[Date "2012.07.27"]
[Round "8"]
[White "Plante, Michel"]
[Black "Yu, Zong Yang"]
[Result "0-1"]
[WhiteElo "2084"]
[BlackElo "1943"]
[PlyCount "112"]
[GameId "2160767909442194"]
[EventDate "2012.07.21"]
[EventType "swiss"]
[EventRounds "9"]
[EventCountry "CAN"]
[SourceTitle "hb 2012"]

1. b3 Nf6 2. Bb2 b6 3. d3 g6 4. e4 d6 5. g3 Bb7 6. Bg2 Bg7 7. Ne2 O-O 8. O-O c6 9. Nd2 Nbd7 10. Nc4 Re8 11. Ne3 Qc7 12. Rc1 b5 13. c4 a6 14. Qd2 e5 15. Rfd1 Rad8 16. Bc3 Qb8 17. Ba5 Rc8 18. Bh3 Bh6 19. f4 Qa7 20. Kh1 d5 21. Ng4 Nxg4 22. Bxg4 f5 23. Bf3 Qf2 24. Rf1 Qa7 25. exf5 gxf5 26. Qd1 Nf6 27. h3 Ba8 28. c5 e4 29. Bg2 Qf7 30. Bc3 Rcd8 31. Rg1 Bg7 32. Be5 exd3 33. Qxd3 Ne4 34. Bxe4 dxe4 35. Qc3 Rd3 36. Qe1 Bxe5 37. fxe5 Qh5 38. Nf4 Qh6 39. Kh2 Rf3 40. e6 Bb7 41. Rc3 Rxc3 42. Qxc3 Qg7 43. Qxg7+ Kxg7 44. Rd1 Kf6 45. Rd6 a5 46. a3 b4 47. a4 Ke5 48. Kg2 Bc8 49. Rxc6 Bxe6 50. Ra6 Bxb3 51. Rxa5 Kd4 52. c6 e3 53. Kf3 Bd1+ 54. Ne2+ Kc4 55. c7 Rc8 56. Ra7 Kd3 0-1

[Event "Quebec op"]
[Site "Montreal CAN"]
[Date "2012.07.27"]
[Round "8"]
[White "Prahov, Valentin"]
[Black "Greeff, Melissa"]
[Result "0-1"]
[WhiteElo "2209"]
[BlackElo "2091"]
[PlyCount "98"]
[GameId "2160767909442195"]
[EventDate "2012.07.21"]
[EventType "swiss"]
[EventRounds "9"]
[EventCountry "CAN"]
[SourceTitle "CBM 149 Extra"]
[Source "ChessBase"]
[SourceDate "2012.08.24"]
[SourceVersion "1"]
[SourceVersionDate "2012.08.24"]
[SourceQuality "1"]

1. e4 c5 2. d4 cxd4 3. c3 g6 4. Nf3 Bg7 5. cxd4 d5 6. e5 Nc6 7. Nc3 a6 8. Qb3 e6 9. Na4 Nge7 10. Bd3 O-O 11. Qb6 Bd7 12. O-O Nxe5 13. Nxe5 Bxa4 14. Qxb7 Qd6 15. Bf4 Rfb8 16. Nxg6 Rxb7 17. Bxd6 Nxg6 18. b3 Bb5 19. Rfd1 Ne7 20. a4 Bxd3 21. Rxd3 Nc6 22. Bc5 Bf8 23. Rc1 Bxc5 24. Rxc5 Nb4 25. Rg3+ Kf8 26. h4 f6 27. Kh2 e5 28. Rg4 f5 29. Rg5 exd4 30. Rxf5+ Rf7 31. Rxf7+ Kxf7 32. Kg3 d3 33. Kf3 Re8 34. Rc1 d4 35. Rd1 h5 36. g4 hxg4+ 37. Kxg4 Re4+ 38. Kg3 Kg6 39. a5 Kh5 40. Kf3 Rxh4 41. Rg1 Nc6 42. Re1 Kg5 43. b4 Nxb4 44. Re5+ Kf6 45. Re8 Nd5 46. Rd8 Rf4+ 47. Kg3 Rf5 48. Rb8 d2 49. Rb1 Nc3 0-1

[Event "Quebec op"]
[Site "Montreal CAN"]
[Date "2012.07.27"]
[Round "8"]
[White "Qin, Zi Yi (Joey)"]
[Black "Thavandiran, Shiyam"]
[Result "0-1"]
[WhiteElo "2198"]
[BlackElo "2301"]
[PlyCount "110"]
[GameId "2160767909442196"]
[EventDate "2012.07.21"]
[EventType "swiss"]
[EventRounds "9"]
[EventCountry "CAN"]

1. e4 e6 2. d4 d5 3. Nd2 Nc6 4. Ngf3 Nf6 5. e5 Nd7 6. Bd3 f6 7. Ng5 Ndxe5 8. dxe5 fxg5 9. Qh5+ g6 10. Bxg6+ Kd7 11. f4 gxf4 12. Bd3 Nb4 13. O-O Nxd3 14. cxd3 Qe8 15. Qe2 b6 16. Rxf4 Ba6 17. Rf6 Bc5+ 18. Kh1 Rf8 19. Nf3 Qh5 20. Bg5 Rg8 21. Bf4 Raf8 22. Rc1 Qg4 23. Bg3 h5 24. Qc2 h4 25. d4 hxg3 26. dxc5 Qe4 27. Qd2 gxh2 28. Qh6 Qg4 29. Ng5 Rxf6 30. Qh7+ Kc6 31. cxb6+ Bc4 32. Qxg8 Rf2 33. Qxe6+ Qxe6 34. Nxe6 Kxb6 35. b3 Bf1 36. Nxc7 Bxg2+ 37. Kxh2 Be4+ 38. Kg3 Rxa2 39. e6 Rg2+ 40. Kf4 Rg7 41. Ne8 Re7 42. Nf6 Rxe6 43. Nd7+ Kb5 44. Rc7 Re7 45. Rxa7 d4 46. Ra1 Bc2 47. Ne5 d3 48. Nf3 Kb4 49. Re1 d2 50. Rxe7 d1=Q 51. Rb7+ Ka3 52. b4 Qd6+ 53. Ke3 Qe6+ 54. Kf2 Be4 55. Ra7+ Kb2 0-1

[Event "Quebec op"]
[Site "Montreal CAN"]
[Date "2012.07.27"]
[Round "8"]
[White "Rozentalis, Eduardas"]
[Black "Kovalyov, Anton"]
[Result "1/2-1/2"]
[WhiteElo "2600"]
[BlackElo "2614"]
[PlyCount "118"]
[GameId "2160767909442197"]
[EventDate "2012.07.21"]
[EventType "swiss"]
[EventRounds "9"]
[EventCountry "CAN"]
[SourceTitle "CBM 149 Extra"]
[Source "ChessBase"]
[SourceDate "2012.08.24"]
[SourceVersion "1"]
[SourceVersionDate "2012.08.24"]
[SourceQuality "1"]

1. d4 Nf6 2. Nf3 e6 3. Bg5 h6 4. Bh4 c5 5. e3 b6 6. Bd3 Bb7 7. O-O Be7 8. c4 d6 9. Nc3 Nbd7 10. Rc1 O-O 11. b3 cxd4 12. exd4 Nh5 13. Bxe7 Qxe7 14. Re1 Nf4 15. Bf1 Qf6 16. g3 Nh3+ 17. Bxh3 Bxf3 18. Ne4 Bxd1 19. Nxf6+ Nxf6 20. Rexd1 Rfd8 21. b4 a5 22. a3 axb4 23. axb4 Ra4 24. b5 Kf8 25. Bg2 Ke7 26. Bc6 Rc8 27. c5 dxc5 28. dxc5 bxc5 29. Rxc5 Nd5 30. Rcc1 Rb4 31. h4 Rc7 32. Re1 Kd6 33. Kg2 Rd4 34. Ra1 Nb4 35. Ba8 Nc2 36. Ra6+ Ke7 37. Rb1 Nb4 38. Ra4 Rc8 39. b6 Rb8 40. Ra7+ Kf6 41. Rb3 Rxb6 42. Rf3+ Ke5 43. Raxf7 g5 44. Re3+ Kd6 45. Rf6 Ke7 46. Rxh6 gxh4 47. Rxh4 Rxh4 48. gxh4 Nc2 49. Re4 Rd6 50. Rc4 Nd4 51. Be4 Kf6 52. Kh3 Nf5 53. Rc5 Rd4 54. f3 Rd1 55. Bxf5 exf5 56. Kg3 Rd6 57. Rc8 Ra6 58. Rc4 Rb6 59. Kf4 Ra6 1/2-1/2

[Event "Quebec op"]
[Site "Montreal CAN"]
[Date "2012.07.27"]
[Round "8"]
[White "Sarrazin-Gendron, Roman"]
[Black "Beaulieu, Pierre"]
[Result "0-1"]
[WhiteElo "1938"]
[BlackElo "1901"]
[PlyCount "66"]
[GameId "2160767909442198"]
[EventDate "2012.07.21"]
[EventType "swiss"]
[EventRounds "9"]
[EventCountry "CAN"]
[SourceTitle "hb 2012"]

1. e4 b6 2. d4 Bb7 3. Bd3 e6 4. Nf3 Nf6 5. Qe2 c5 6. c3 cxd4 7. cxd4 d5 8. e5 Ne4 9. O-O Be7 10. Nbd2 Nxd2 11. Nxd2 Nc6 12. Qg4 g6 13. Nf3 Qd7 14. a3 O-O-O 15. Re1 h6 16. Qf4 Rdf8 17. Qe3 Kb8 18. Qe2 Na5 19. Bc2 g5 20. g4 Rc8 21. Bd1 Rc7 22. b3 h5 23. Nxg5 Rxc1 24. Rxc1 Bxg5 25. Rc3 hxg4 26. Rg3 Bf4 27. Rg2 Nc6 28. Qd3 Qe7 29. Bxg4 Qxa3 30. Qf3 Qb4 31. Kf1 Qxd4 32. Rd1 Qxe5 33. h3 Bh2 0-1

[Event "Quebec op"]
[Site "Montreal CAN"]
[Date "2012.07.27"]
[Round "8"]
[White "Smith, Bryan G"]
[Black "Sumets, Andrey"]
[Result "0-1"]
[WhiteElo "2441"]
[BlackElo "2618"]
[PlyCount "68"]
[GameId "2160767909442199"]
[EventDate "2012.07.21"]
[EventType "swiss"]
[EventRounds "9"]
[EventCountry "CAN"]
[SourceTitle "CBM 149 Extra"]
[Source "ChessBase"]
[SourceDate "2012.08.24"]
[SourceVersion "1"]
[SourceVersionDate "2012.08.24"]
[SourceQuality "1"]

1. e4 c6 2. d4 d5 3. e5 Bf5 4. Ne2 e6 5. Ng3 Bg6 6. h4 h5 7. c4 Nd7 8. Nc3 Ne7 9. a3 dxc4 10. Bxc4 Nb6 11. Be2 Qd7 12. Be3 O-O-O 13. b4 Kb8 14. O-O Ned5 15. Nxd5 Nxd5 16. Bxh5 Bxh5 17. Nxh5 f6 18. exf6 gxf6 19. g3 e5 20. dxe5 fxe5 21. Bg5 Be7 22. Bxe7 Qxe7 23. Qe2 Rde8 24. Rfe1 Qf7 25. g4 e4 26. Ng3 Rxh4 27. b5 cxb5 28. Qxb5 e3 29. f3 a6 30. Qa4 Nc3 31. Qc2 Qxf3 32. Qg2 Qxg4 33. Nf1 e2 34. Ng3 Rg8 0-1

[Event "Quebec op"]
[Site "Montreal CAN"]
[Date "2012.07.27"]
[Round "8"]
[White "Sun, Mike"]
[Black "Trottier, Emile"]
[Result "0-1"]
[WhiteElo "1680"]
[BlackElo "2066"]
[PlyCount "74"]
[GameId "2160767909442200"]
[EventDate "2012.07.21"]
[EventType "swiss"]
[EventRounds "9"]
[EventCountry "CAN"]
[SourceTitle "hb 2012"]

1. e4 e6 2. d4 d5 3. Nd2 Nf6 4. e5 Nfd7 5. Bd3 c5 6. c3 Nc6 7. Ne2 c4 8. Bc2 b5 9. O-O a5 10. f4 g6 11. Nf3 b4 12. g4 h5 13. h3 hxg4 14. hxg4 Qb6 15. Kg2 Bb7 16. Rh1 Rxh1 17. Qxh1 b3 18. Bb1 a4 19. a3 O-O-O 20. Qh7 f5 21. Qxg6 Ne7 22. Qg5 fxg4 23. Nh2 Qc6 24. Ng3 Nc5 25. Nxg4 Ne4 26. Nxe4 dxe4 27. Be3 Nf5 28. Kf2 Be7 29. Nf6 Bxf6 30. Qxf6 Qd7 31. Bxe4 Bxe4 32. Rg1 Qe7 33. Qxe7 Nxe7 34. Rg7 Nf5 35. Ra7 Rg8 36. Rxa4 Rg2+ 37. Ke1 Nxe3 0-1

[Event "Quebec op"]
[Site "Montreal CAN"]
[Date "2012.07.27"]
[Round "8"]
[White "Vera, Reynaldo"]
[Black "Panjwani, Raja"]
[Result "1/2-1/2"]
[WhiteElo "2489"]
[BlackElo "2392"]
[PlyCount "117"]
[GameId "2160767909442201"]
[EventDate "2012.07.21"]
[EventType "swiss"]
[EventRounds "9"]
[EventCountry "CAN"]
[SourceTitle "CBM 149 Extra"]
[Source "ChessBase"]
[SourceDate "2012.08.24"]
[SourceVersion "1"]
[SourceVersionDate "2012.08.24"]
[SourceQuality "1"]

1. d4 Nf6 2. Nf3 e6 3. g3 c5 4. c4 cxd4 5. Nxd4 a6 6. Bg2 Be7 7. O-O d6 8. Nc3 Qc7 9. b3 Nc6 10. Bb2 Bd7 11. Rc1 Nxd4 12. Qxd4 O-O 13. Rfd1 Rfd8 14. a4 Ne8 15. Ba3 Rac8 16. Bb4 b6 17. Qe3 Bf8 18. Rd3 Bc6 19. Rcd1 Bxg2 20. Kxg2 Rd7 21. f4 Nf6 22. Qf3 Rcd8 23. Ba3 Qc8 24. h3 Ne8 25. Kh2 Qb8 26. Bb2 Rc7 27. Kh1 Rdc8 28. e4 Qb7 29. Kg2 Nf6 30. e5 Qxf3+ 31. Kxf3 dxe5 32. fxe5 Ne8 33. Ne4 f6 34. Rd8 Be7 35. Rxc8 Rxc8 36. Rd7 Kf8 37. Bd4 Rd8 38. Rxd8 Bxd8 39. b4 Ke7 40. b5 axb5 41. axb5 Bc7 42. exf6+ gxf6 43. g4 f5 44. gxf5 exf5 45. Nc3 Kd7 46. Nd5 Nd6 47. Bxb6 Bb8 48. Nf6+ Ke6 49. Nxh7 Nxc4 50. Ng5+ Kd5 51. Bf2 Ne5+ 52. Ke2 Ng6 53. Kd3 Bd6 54. Kc3 Bc5 55. Bxc5 Kxc5 56. Ne6+ Kxb5 57. Nd4+ Kc5 58. Nxf5 Kd5 59. h4 1/2-1/2

[Event "Quebec op"]
[Site "Montreal CAN"]
[Date "2012.07.27"]
[Round "8"]
[White "Voskanyan, Vahagn"]
[Black "Piasetski, Leon"]
[Result "0-1"]
[WhiteElo "2240"]
[BlackElo "2290"]
[PlyCount "112"]
[GameId "2160767909442202"]
[EventDate "2012.07.21"]
[EventType "swiss"]
[EventRounds "9"]
[EventCountry "CAN"]
[SourceTitle "CBM 149 Extra"]
[Source "ChessBase"]
[SourceDate "2012.08.24"]
[SourceVersion "1"]
[SourceVersionDate "2012.08.24"]
[SourceQuality "1"]

1. Nf3 g6 2. c4 Bg7 3. d4 d6 4. g3 Nf6 5. Nc3 O-O 6. Bg2 Nc6 7. O-O Rb8 8. h3 a6 9. Be3 b5 10. cxb5 axb5 11. Rc1 Bd7 12. Nd2 e6 13. Nde4 Ne8 14. h4 Ne7 15. Bg5 f6 16. Be3 b4 17. Nb1 Nd5 18. Qd2 Nxe3 19. Qxe3 h6 20. f4 f5 21. Nf2 Nf6 22. Nd2 Nd5 23. Qb3 c6 24. e4 fxe4 25. Ndxe4 Qe7 26. Rfd1 Ra8 27. Rd3 Ra7 28. a3 bxa3 29. bxa3 Rfa8 30. Qb2 Qf8 31. Nd2 c5 32. Nc4 Rb8 33. Qd2 cxd4 34. Rxd4 Bxd4 35. Qxd4 Rc7 36. Re1 Qf6 37. Qxf6 Nxf6 38. Nxd6 Rb3 39. Nde4 Nxe4 40. Nxe4 Kf7 41. Re2 Rxa3 42. Kh2 Ke7 43. Rb2 Ra1 44. Nf2 Rca7 45. Ng4 R1a2 46. Rxa2 Rxa2 47. Kg1 g5 48. hxg5 hxg5 49. Ne5 Be8 50. Kh2 Kf6 51. Kh3 Kf5 52. g4+ Kxf4 53. Nd3+ Ke3 54. Ne5 Rc2 55. Kg3 Rc5 56. Nf3 Bc6 0-1

[Event "Quebec op"]
[Site "Montreal CAN"]
[Date "2012.07.27"]
[Round "8"]
[White "Ye, Stephen"]
[Black "Wu, Qiyou"]
[Result "0-1"]
[WhiteElo "1913"]
[BlackElo "2098"]
[PlyCount "72"]
[GameId "2160767909442203"]
[EventDate "2012.07.21"]
[EventType "swiss"]
[EventRounds "9"]
[EventCountry "CAN"]
[SourceTitle "hb 2012"]

1. e4 c5 2. Nf3 d6 3. d4 cxd4 4. Nxd4 Nf6 5. Nc3 g6 6. Be3 Bg7 7. f3 O-O 8. Qd2 Nc6 9. O-O-O Nxd4 10. Bxd4 Be6 11. g4 Qa5 12. Kb1 Rfc8 13. Be2 Rxc3 14. Qxc3 Qxa2+ 15. Kc1 Bh6+ 16. Be3 Rc8 17. Qxc8+ Bxc8 18. Bxh6 Qa1+ 19. Kd2 Qxb2 20. Bd3 Qb4+ 21. c3 Qc5 22. Be3 Qc6 23. h3 d5 24. e5 Nd7 25. Bd4 Nc5 26. Bc2 Ne6 27. Rc1 Bd7 28. Ke3 a6 29. h4 Qc7 30. g5 Bb5 31. Rhd1 a5 32. Bb3 Bc4 33. Bxc4 Qxc4 34. Kf2 b5 35. Kg3 a4 36. Bb6 Qf4+ 0-1

[Event "Quebec op"]
[Site "Montreal CAN"]
[Date "2012.07.27"]
[Round "8"]
[White "Zhang, Yuanchen"]
[Black "Libersan, Thierry"]
[Result "1/2-1/2"]
[WhiteElo "1987"]
[BlackElo "2153"]
[PlyCount "57"]
[GameId "2160767909442204"]
[EventDate "2012.07.21"]
[EventType "swiss"]
[EventRounds "9"]
[EventCountry "CAN"]
[SourceTitle "hb 2012"]

1. d4 d5 2. c4 e5 3. dxe5 d4 4. Nf3 Nc6 5. a3 Nge7 6. Nbd2 Ng6 7. Nb3 Ncxe5 8. Nbxd4 Be7 9. e3 O-O 10. Be2 c5 11. Nxe5 Nxe5 12. Nb3 Qxd1+ 13. Kxd1 Rd8+ 14. Ke1 Nd3+ 15. Bxd3 Rxd3 16. Ke2 Bf5 17. Nd2 Rad8 18. e4 Be6 19. h3 R3d4 20. b3 Bg5 21. Ra2 Bxd2 22. Rxd2 Rxe4+ 23. Kf3 Rxd2 24. Bxd2 Rd4 25. Be3 Rd3 26. Rb1 Bf5 27. Rb2 f6 28. Ke2 b6 29. a4 1/2-1/2

[Event "Quebec op"]
[Site "Montreal CAN"]
[Date "2012.07.27"]
[Round "8"]
[White "Zhu, Hong Rui"]
[Black "He, Shao Hang"]
[Result "1/2-1/2"]
[WhiteElo "2088"]
[BlackElo "1607"]
[PlyCount "66"]
[GameId "2160767909442205"]
[EventDate "2012.07.21"]
[EventType "swiss"]
[EventRounds "9"]
[EventCountry "CAN"]
[SourceTitle "hb 2012"]

1. e4 c5 2. Nf3 e6 3. d4 cxd4 4. Nxd4 d6 5. Nc3 Nf6 6. Be3 a6 7. Be2 Be7 8. O-O O-O 9. f4 Qc7 10. a3 b5 11. Bf3 Bb7 12. Qe2 Nbd7 13. Nb3 Rac8 14. Rf2 Rfd8 15. Rd1 Nc5 16. Nxc5 dxc5 17. e5 Rxd1+ 18. Qxd1 Rd8 19. Rd2 Bxf3 20. Rxd8+ Qxd8 21. Qxd8+ Bxd8 22. exf6 Bg4 23. fxg7 Kxg7 24. Bxc5 Bf5 25. a4 Bf6 26. axb5 Bxc3 27. bxc3 axb5 28. Bd4+ Kf8 29. c4 bxc4 30. c3 Bd3 31. Bf6 Kg8 32. Kf2 Kf8 33. Ke3 Ke8 1/2-1/2

[Event "Quebec op"]
[Site "Montreal CAN"]
[Date "2012.07.28"]
[Round "9"]
[White "Arencibia Rodriguez, Walter"]
[Black "Gerzhoy, Leonid"]
[Result "1/2-1/2"]
[WhiteElo "2526"]
[BlackElo "2459"]
[PlyCount "76"]
[GameId "2160767909442206"]
[EventDate "2012.07.21"]
[EventType "swiss"]
[EventRounds "9"]
[EventCountry "CAN"]
[SourceTitle "CBM 149 Extra"]
[Source "ChessBase"]
[SourceDate "2012.08.24"]
[SourceVersion "1"]
[SourceVersionDate "2012.08.24"]
[SourceQuality "1"]

1. d4 d5 2. c4 c6 3. Nc3 e6 4. e3 Bd6 5. Nf3 f5 6. Ne5 Nf6 7. Be2 O-O 8. O-O Qe7 9. f4 dxc4 10. Bxc4 b5 11. Bd3 a6 12. Qb3 Kh8 13. Rf3 c5 14. Rh3 Qe8 15. dxc5 Bxc5 16. Bd2 Bb7 17. Rc1 Nbd7 18. Ne2 Rc8 19. Bb4 Nxe5 20. Bxc5 Nxd3 21. Qxd3 Rf7 22. Nd4 Ne4 23. b4 Rfc7 24. Nf3 Nxc5 25. bxc5 Rxc5 26. Rxc5 Rxc5 27. Ne5 Bd5 28. Qa3 b4 29. Qxb4 Rc1+ 30. Kf2 Rc2+ 31. Ke1 Rxg2 32. e4 Bxe4 33. Qa5 h6 34. Qc7 Qb5 35. Rxh6+ gxh6 36. Nf7+ Kg8 37. Nxh6+ Kh8 38. Nf7+ Kg8 1/2-1/2

[Event "Quebec op"]
[Site "Montreal CAN"]
[Date "2012.07.28"]
[Round "9"]
[White "Beaulieu, Pierre"]
[Black "Luo, Zhao Yang"]
[Result "0-1"]
[WhiteElo "1901"]
[BlackElo "2042"]
[PlyCount "28"]
[GameId "2160767909442207"]
[EventDate "2012.07.21"]
[EventType "swiss"]
[EventRounds "9"]
[EventCountry "CAN"]
[SourceTitle "hb 2012"]

1. b3 d5 2. e3 c5 3. f4 Nf6 4. Bb5+ Nc6 5. Bxc6+ bxc6 6. d3 Qb6 7. Nc3 c4 8. dxc4 dxc4 9. Nf3 Ba6 10. Na4 Qb5 11. Nd4 Qd5 12. Qf3 Ne4 13. b4 e5 14. a3 exd4 0-1

[Event "Quebec op"]
[Site "Montreal CAN"]
[Date "2012.07.28"]
[Round "9"]
[White "Casareno, Erwin"]
[Black "Gelet, Seymour"]
[Result "0-1"]
[WhiteElo "2246"]
[BlackElo "2009"]
[PlyCount "90"]
[GameId "2160767909442208"]
[EventDate "2012.07.21"]
[EventType "swiss"]
[EventRounds "9"]
[EventCountry "CAN"]
[SourceTitle "hb 2012"]

1. e4 c5 2. Nf3 Nc6 3. Bb5 Nd4 4. Nxd4 cxd4 5. O-O a6 6. Bc4 b5 7. Bb3 Bb7 8. d3 Nf6 9. e5 Nd5 10. Qg4 Qb6 11. Nd2 h5 12. Qg5 e6 13. Ne4 Rh7 14. Qh4 Nc7 15. Ng3 g6 16. Bg5 d6 17. Ne4 Bxe4 18. Qxe4 d5 19. Qh4 Kd7 20. c3 Bc5 21. a4 Rhh8 22. Qf4 Rh7 23. Rfc1 Rc8 24. Rc2 Ne8 25. Rac1 Rc7 26. Qh4 Qb8 27. cxd4 Bb6 28. Rxc7+ Bxc7 29. Be7 Ng7 30. Bg5 Nf5 31. Qf4 Bd8 32. Bxd5 Bxg5 33. Bc6+ Ke7 34. Qxg5+ Kf8 35. axb5 axb5 36. Qf4 Qd8 37. d5 exd5 38. Qb4+ Kg7 39. Bxb5 Qg5 40. f4 Qg4 41. h3 Qg3 42. Rf1 Qe3+ 43. Kh2 Qg3+ 44. Kh1 Ne3 45. Rg1 Ng4 0-1

[Event "Quebec op"]
[Site "Montreal CAN"]
[Date "2012.07.28"]
[Round "9"]
[White "De Lagrave, Sylvain"]
[Black "Zhu, Hong Rui"]
[Result "1/2-1/2"]
[WhiteElo "1970"]
[BlackElo "2084"]
[PlyCount "40"]
[GameId "2160767909442209"]
[EventDate "2012.07.21"]
[EventType "swiss"]
[EventRounds "9"]
[EventCountry "CAN"]
[SourceTitle "hb 2012"]

1. e4 c5 2. Nf3 d6 3. Bb5+ Bd7 4. Bxd7+ Qxd7 5. c4 Nc6 6. d4 cxd4 7. Nxd4 Nf6 8. Nc3 g6 9. h3 Nxd4 10. Qxd4 Bg7 11. Be3 O-O 12. Qd3 b6 13. O-O Rac8 14. Rac1 Qb7 15. b3 a6 16. Bd4 Rfe8 17. Nd5 Nxd5 18. cxd5 b5 19. Bxg7 Kxg7 20. Qd2 b4 1/2-1/2

[Event "Quebec op"]
[Site "Montreal CAN"]
[Date "2012.07.28"]
[Round "9"]
[White "Enkh-Amar, Galbadrakh"]
[Black "Arsenault, Nicolas"]
[Result "1-0"]
[WhiteElo "2105"]
[BlackElo "2106"]
[PlyCount "123"]
[GameId "2160767909442210"]
[EventDate "2012.07.21"]
[EventType "swiss"]
[EventRounds "9"]
[EventCountry "CAN"]
[SourceTitle "EXT 2022"]
[Source "ChessBase"]
[SourceDate "2021.10.06"]
[SourceVersion "1"]
[SourceVersionDate "2021.10.06"]
[SourceQuality "1"]

1. e4 e6 2. d4 d5 3. Nc3 Nf6 4. e5 Nfd7 5. f4 c5 6. Nf3 Nc6 7. Be3 Be7 8. Qd2 O-O 9. dxc5 Bxc5 10. Bxc5 Nxc5 11. Bd3 Bd7 12. O-O b5 13. Bxb5 Rb8 14. Bxc6 Bxc6 15. Nd4 Ba8 16. Rab1 Qb6 17. Kh1 f6 18. Qe3 Ne4 19. Nxe4 dxe4 20. exf6 Rxf6 21. c3 Rbf8 22. Kg1 Qa6 23. Nb3 Qxa2 24. Nc5 Rxf4 25. Qe2 Rxf1+ 26. Rxf1 Rxf1+ 27. Kxf1 Qd5 28. Qb5 Qd1+ 29. Kf2 Qd2+ 30. Kf1 Qd1+ 31. Kf2 Qd2+ 32. Kf1 Qf4+ 33. Ke2 Qg4+ 34. Ke3 Qg5+ 35. Kd4 Qd5+ 36. Ke3 Qg5+ 37. Kd4 Qd2+ 38. Ke5 Qd5+ 39. Kf4 Qd2+ 40. Ke5 Qd5+ 41. Kf4 Qd6+ 42. Ke3 Bc6 43. Nxe4 Qc7 44. Qc5 Qb7 45. Nd6 Qa6 46. g3 h6 47. b4 Qa4 48. Nc8 Kh7 49. Nxa7 Bd5 50. Qd4 Qa1 51. Kf4 Qe1 52. Qd3+ Kh8 53. Nc8 Qf2+ 54. Kg4 h5+ 55. Kxh5 Qxh2+ 56. Kg4 Qh6 57. c4 Qc1 58. cxd5 Qxc8 59. d6 Qd7 60. Kf4 Qf7+ 61. Ke3 Qd7 62. b5 1-0

[Event "Quebec op"]
[Site "Montreal CAN"]
[Date "2012.07.28"]
[Round "9"]
[White "Forget, Luc"]
[Black "Sprumont, Oscar"]
[Result "1-0"]
[WhiteElo "2000"]
[BlackElo "1857"]
[PlyCount "53"]
[GameId "2160767909442211"]
[EventDate "2012.07.21"]
[EventType "swiss"]
[EventRounds "9"]
[EventCountry "CAN"]
[SourceTitle "hb 2012"]

1. d4 Nf6 2. c4 g6 3. Nc3 d5 4. cxd5 Nxd5 5. Bd2 Bg7 6. e4 Nb6 7. Be3 O-O 8. Nf3 Bg4 9. Be2 Nc6 10. d5 Bxf3 11. gxf3 Ne5 12. Qb3 c6 13. f4 Ned7 14. Rd1 Qc7 15. h4 Bh6 16. h5 Bxf4 17. hxg6 hxg6 18. Nb5 cxb5 19. Bd4 Be5 20. Qh3 Kg7 21. Qh6+ Kf6 22. Be3 Bg3 23. Rh5 Nxd5 24. exd5 Rh8 25. Rf5+ Kxf5 26. Qg5+ Ke4 27. Rd4# 1-0